000 00475nam a2200121Ia 4500
008 220216s9999 xx 000 0 und d
100 _aGregory I H
245 0 _aPredication of state of cure throughout rubber components using finite element analysis
260 _bInternational Rubber Conference 1997. Rubber Science and Technology: Improving Quality of Life, Kuala Lumpur, Malaysia 6-9 Oct 1997; p858-870
700 _aAbu Bakar Imizan
700 _aMuhr A H
942 _cJS
999 _c65456
_d65456